000 00408nam a22001457a 4500
020 _a9780070542990
040 _cNust
082 _a621.381
_bELE
100 _aCharles A. Harper
_952132
245 _aElectronic Materials and processes handbook
250 _a2nd Edition
260 _aNew York:
_bMcGraw-Hill,
_c1993.
650 _aElectronic Materials and processes handbook
_9125666
942 _2ddc
_cBK
999 _c611385
_d611385